00596 2200205 4500001002100000005001500021035002000036007000300056008004100059020002200100082001000122084001600132100002600148245010700174250000900281260004700290300002800337650001600365990000900381INLIS00000000000001020170830025853 a0010-0817000009ta170830 i ind  a978-979-026-079-5 a297.5 a297.5 SAL a0 aSalamullah, M. Alaika1 aAkhlak Hubungan Vertikal :bSeri indahnya akhlak islami /cM. Alaika Salamullah ; Editor Fathur Rahman aed 1 aJogjakarta :bPustaka Insani Madani,c2008 a296 hlm ;c13 x 20,5 cm aAhlak Islam a2345